000 00667nam a2200241 i 4500
001 C2-0263919
003 PPAK
005 20180727232522.0
008 050403s2005 my |||| ||||| | may d
020 _a9676117005
040 _aPPAK
_beng
_cPPAK
_erda
082 0 4 _a158.1
_223
090 0 0 _a158.1
_bIBR
_dG
100 0 _aIbrahim Nor,
_eauthor
245 1 0 _aAnda ada pilihan
264 1 _aKuala Lumpur :
_bUtusan Publications ,
_c2005
300 _axvii, 198 pages ;
_c22 cm
336 _2rdacontent
_atext
337 _2rdamedia
_aunmediated
338 _2rdacarrier
_avolume
650 1 0 _aSelf-confidence. ; Self-actualization (Psychology).
942 _ddc
_cB
999 _c73975
_d73975